000 00519nam a22001817a 4500
999 _c172189
_d172189
005 20200128165124.0
010 _aB-123663
020 _a812602075X
_c25.00
035 _aB-123663
037 _bBPPD
082 _a821.08
100 _aریوتی رمن
245 _aمیتھلی شرن گپت /
_cریوتی رمن
246 _aMaithalisharan Gupta (Urdu) /
_bby Rewati Raman
260 _aDelhi
_bSahitya Akademy
_c2005 ء
300 _a129p.
_c21cm(pbk)
942 _2ddc
_cUR
_h821.08
_mگ پ ت